| 000 | 00693nam a2200193Ia 4500 | ||
|---|---|---|---|
| 005 | 20250508160140.0 | ||
| 008 | 008 250505s9999 xx 000 0 eng d | ||
| 037 | _aTextual | ||
| 040 |
_aFEDL _beng _cFEDL |
||
| 041 |
_aeng _2eng |
||
| 084 |
_a001.4, NEW _qFEDL |
||
| 245 | 0 | _aNew direction in educational research 1962-63: Proceedings of the New York State convocation on educational research | |
| 245 | 4 | _cThe University of The State Of New York. The Educational Research Association Of New York State | |
| 260 |
_aAlbany _bThe State Education Department _c1963 |
||
| 300 | _axi,135p. | ||
| 650 | _aResearch | ||
| 942 |
_cTEXL _h001.4, NEW |
||
| 999 |
_c1362218 _d1362218 |
||